[Event "Olympiad-38"]
[Site "Dresden"]
[Date "2008.11.16"]
[Round "4"]
[White "Kazhgaleyev, Murtas"]
[Black "Gurevich, Mikhail"]
[Result "1-0"]
[WhiteElo "2640"]
[BlackElo "2634"]
[PlyCount "118"]
[EventDate "2008.11.13"]
[EventType "team-swiss"]
[EventRounds "11"]
[EventCountry "GER"]
[SourceTitle "CBM 128"]
[Source "ChessBase"]
[SourceDate "2009.01.28"]
[SourceVersion "1"]
[SourceVersionDate "2009.01.28"]
[SourceQuality "1"]
[WhiteTeam "Kazakhstan"]
[BlackTeam "Turkey"]
[WhiteTeamCountry "KAZ"]
[BlackTeamCountry "TUR"]

1. d4 d5 2. c4 c6 3. Nc3 Nf6 4. Nf3 e6 5. Bg5 Be7 6. e3 Nbd7 7. Bd3 O-O 8. O-O
h6 9. Bh4 dxc4 10. Bxc4 b5 11. Bd3 Bb7 12. Rc1 Rc8 13. Qe2 b4 14. Na4 c5 15.
Ba6 Bxa6 16. Qxa6 Ne4 17. Bxe7 Qxe7 18. Rc2 e5 19. Rfc1 exd4 20. exd4 Rfe8 21.
h3 Nb8 22. Qd3 Nd7 23. Ne5 Nxe5 24. Qxe4 Nc6 25. Qxe7 Nxe7 26. dxc5 Nc6 27. Rd1
Kf8 28. Kf1 Rc7 29. Rd6 Rec8 30. Re2 Nd8 31. Re4 Nb7 32. Rd5 Nxc5 33. Nxc5 Rxc5
34. Rxc5 Rxc5 35. Rxb4 h5 36. Ke2 Rc2+ 37. Kf3 a5 38. Rb8+ Ke7 39. h4 a4 40. a3
g6 41. Rb6 Kf8 42. Ke3 Ke7 43. g3 f6 44. Rb5 Ke6 45. f3 Rg2 46. Kf4 Rf2 47.
Rb6+ Ke7 48. Rb4 Kf7 49. Ke3 Rg2 50. g4 g5 51. hxg5 fxg5 52. gxh5 Kg7 53. Rb6
Kh7 54. Ke4 Rg3 55. Kf5 Rxf3+ 56. Kxg5 Rg3+ 57. Kf4 Rd3 58. Rb4 Rd2 59. Ke3 Rh2
1-0

[Event "Olympiad-38"]
[Site "Dresden"]
[Date "2008.11.20"]
[Round "7"]
[White "Kazhgaleyev, Murtas"]
[Black "Ghaem Maghami, Ehsan"]
[Result "1-0"]
[WhiteElo "2640"]
[BlackElo "2599"]
[PlyCount "121"]
[EventDate "2008.11.13"]
[EventType "team-swiss"]
[EventRounds "11"]
[EventCountry "GER"]
[SourceTitle "CBM 128"]
[Source "ChessBase"]
[SourceDate "2009.01.28"]
[SourceVersion "1"]
[SourceVersionDate "2009.01.28"]
[SourceQuality "1"]
[WhiteTeam "Kazakhstan"]
[BlackTeam "Iran"]
[WhiteTeamCountry "KAZ"]
[BlackTeamCountry "IRI"]

1. d4 Nf6 2. c4 e6 3. Nc3 Bb4 4. Nf3 c5 5. g3 cxd4 6. Nxd4 Ne4 7. Qd3 Bxc3+ 8.
bxc3 Nc5 9. Qf3 d6 10. Bg2 e5 11. Qe3 O-O 12. Nb3 Nba6 13. Nxc5 Nxc5 14. Ba3
Qc7 15. Rd1 Be6 16. Rxd6 Qxd6 17. Bxc5 Qa6 18. Bxf8 Rxf8 19. c5 Qxa2 20. O-O
Bd5 21. Qxe5 Bxg2 22. Kxg2 Qb3 23. Ra1 a6 24. Qd4 Qb5 25. c4 Qc6+ 26. Qd5 Ra8
27. Rb1 Rd8 28. Qxc6 bxc6 29. Rb6 Ra8 30. Rxc6 a5 31. Rb6 Kf8 32. Rb7 Ra6 33.
Kf3 a4 34. Rb6 Ra5 35. Ke4 a3 36. Rb1 a2 37. Ra1 Ra3 38. Kd5 Ke7 39. h4 Kd7 40.
c6+ Kc7 41. Kc5 Ra6 42. Kb4 Kxc6 43. Kb3 Rb6+ 44. Kxa2 Kc5 45. Rc1 h5 46. Rc2
Rb4 47. Ka3 Rb6 48. e3 f6 49. Rb2 Rd6 50. Kb3 Rd3+ 51. Kc2 Ra3 52. Kd2 Kxc4 53.
Ke2 Ra7 54. Rd2 Kc5 55. Kf3 Kc6 56. Rd8 Ra5 57. e4 f5 58. Rg8 fxe4+ 59. Kxe4
Ra7 60. Kf5 Ra2 61. Rxg7 1-0

[Event "Chigorin Memorial 17th"]
[Site "St Petersburg"]
[Date "2009.10.23"]
[Round "8"]
[White "Kryakvin, Dmitry"]
[Black "Kazhgaleyev, Murtas"]
[Result "0-1"]
[WhiteElo "2571"]
[BlackElo "2643"]
[PlyCount "62"]
[EventDate "2009.10.16"]
[EventType "swiss"]
[EventRounds "9"]
[EventCountry "RUS"]
[SourceTitle "CBM 132 Extra"]
[Source "ChessBase"]
[SourceDate "2009.11.03"]
[SourceVersion "1"]
[SourceVersionDate "2009.11.03"]
[SourceQuality "1"]

1. e4 e5 2. Nf3 Nc6 3. Bc4 Bc5 4. O-O d6 5. c3 Nf6 6. d4 Bb6 7. a4 a6 8. dxe5
Nxe5 9. Nxe5 dxe5 10. Qf3 O-O 11. h3 Ne8 12. b3 Nd6 13. Ba3 Kh8 14. Nd2 f5 15.
Qe2 Qf6 16. Bd3 f4 17. Nf3 g5 18. c4 g4 19. hxg4 Bxg4 20. c5 Nf7 21. Bb2 Bxc5
22. Bc4 Ng5 23. Bxe5 Nxf3+ 24. Qxf3 Qxe5 25. Qxg4 f3 26. Qe6 Qf4 27. Qh3 fxg2
28. Kxg2 Rf6 29. Qc3 Qxe4+ 30. f3 Qg6+ 31. Kh1 Qg7 0-1

[Event "Tata Steel-C 73rd"]
[Site "Wijk aan Zee"]
[Date "2011.01.21"]
[Round "6"]
[White "Bluvshtein, Mark"]
[Black "Kazhgaleyev, Murtas"]
[Result "0-1"]
[WhiteElo "2590"]
[BlackElo "2637"]
[PlyCount "118"]
[EventDate "2011.01.14"]
[EventType "tourn"]
[EventRounds "13"]
[EventCountry "NED"]
[EventCategory "11"]
[SourceTitle "CBM 141"]
[Source "ChessBase"]
[SourceDate "2011.03.17"]
[SourceVersion "1"]
[SourceVersionDate "2011.03.17"]
[SourceQuality "1"]

1. d4 d5 2. c4 c6 3. e3 Nf6 4. Nc3 a6 5. Nf3 Bf5 6. Be2 e6 7. Nh4 Be4 8. f3 Bg6
9. O-O Nbd7 10. g3 Be7 11. Bd2 dxc4 12. Bxc4 b5 13. Be2 c5 14. dxc5 Bxc5 15.
Kg2 O-O 16. e4 Rc8 17. Nxg6 hxg6 18. Bg5 Qb6 19. a4 b4 20. a5 Qc7 21. Na4 Qxa5
22. Nxc5 Qxc5 23. Qd2 Nb8 24. Rfc1 Qb6 25. Qe3 Qb7 26. Bf4 Rfd8 27. Ra5 Nfd7
28. Bd6 Rxc1 29. Qxc1 Qb6 30. Qc7 Qxc7 31. Bxc7 Rc8 32. Bxb8 Nxb8 33. Bd3 Rd8
34. Bxa6 Rd2+ 35. Kh3 Nc6 36. Rc5 Nd4 37. Rc8+ Kh7 38. Rd8 Nxf3 39. Rxd2 Nxd2
40. e5 Nf3 41. Kg4 Nxe5+ 42. Kf4 Nd7 43. Bb5 Nb6 44. Ke5 g5 45. Bd3+ g6 46. Kd6
Kg7 47. b3 Kf6 48. Be4 g4 49. Bb7 g5 50. Kc5 Nd5 51. Bxd5 exd5 52. Kxd5 Kf5 53.
Kc5 Ke4 54. Kxb4 f5 55. Kc3 Ke3 56. Kc2 f4 57. Kd1 Kf2 58. b4 f3 59. b5 Kg2 0-1